Statistics for US State Capitals by First Two Letters in 30 seconds

Click here to take the quiz!

General Stats

  • This quiz has been taken 245 times
  • The average score is 26 of 50

Answer Stats

statecapital% Correct
CaliforniaSacramento
90%
MinnesotaSaint Paul
90%
OregonSalem
90%
UtahSalt Lake City
90%
New MexicoSanta Fe
90%
AlabamaMontgomery
75%
VermontMontpelier
75%
AlaskaJuneau
73%
ColoradoDenver
70%
IowaDes Moines
70%
IdahoBoise
69%
MassachusettsBoston
69%
ArizonaPhoenix
68%
FloridaTallahassee
65%
GeorgiaAtlanta
64%
MaineAugusta
60%
TexasAustin
60%
PennsylvaniaHarrisburg
60%
ConnecticutHartford
60%
LouisianaBaton Rouge
58%
HawaiiHonolulu
58%
NebraskaLincoln
58%
ArkansasLittle Rock
58%
DelawareDover
54%
IndianaIndianapolis
52%
South CarolinaColumbia
50%
OhioColumbus
50%
New HampshireConcord
50%
IllinoisSpringfield
48%
New YorkAlbany
43%
MissouriJefferson City
42%
MichiganLansing
42%
MarylandAnnapolis
41%
KansasTopeka
41%
NevadaCarson City
35%
KentuckyFrankfort
35%
MississippiJackson
35%
MontanaHelena
33%
West VirginiaCharleston
32%
WyomingCheyenne
32%
North DakotaBismarck
29%
OklahomaOklahoma City
28%
South DakotaPierre
26%
New JerseyTrenton
25%
TennesseeNashville
24%
North CarolinaRaleigh
24%
WisconsinMadison
23%
WashingtonOlympia
23%
Rhode IslandProvidence
22%
VirginiaRichmond
18%

Score Distribution

Percentile by Number Answered

Percent of People with Each Score

Your Score History

You have not taken this quiz